00793nam a22002177a 4500003000500000005001700005008004100022010000900063011000900072035000900081040000900090100003000099245007200129260008200201300001000283490009500293500001800388650004600406700002800452830009500480CHAP20220329133625.0971013s1991 r 00010 d a8700 a9672 a8907 cCHAP00aEtchevers Barra, Jorge D. aGeneración de tecnologías mejoradas para pequeños productores aMontecillo, Méx. :bColegio de Postgraduados. Centro de Edafología,c1991 a43 p. aColegio de Postgraduados. Centro de Edafología. Serie de cuadernos de edafologíav; 17 ac.5 en bodega14aAgriculturaxInnovaciones tecnológicas.0 aVolke Haller, Víctor.0 aColegio de Postgraduados. Centro de Edafología. Serie de cuadernos de edafologíav; 17